[Event "Moscow Tal Memorial 6th"]
[Site "Moscow"]
[Date "2011.11.19"]
[Round "4"]
[White "Nepomniachtchi, Ian"]
[Black "Nakamura, Hikaru"]
[Result "1/2-1/2"]
[WhiteElo "2730"]
[BlackElo "2758"]
[Annotator "Ramirez Alvarez,Alejandro"]
[PlyCount "170"]
[EventDate "2011.11.16"]
[EventType "tourn"]
[EventRounds "9"]
[EventCountry "RUS"]
[EventCategory "22"]
[SourceTitle "CBM 146"]
[Source "ChessBase"]
[SourceDate "2012.01.18"]
[SourceVersion "1"]
[SourceVersionDate "2012.01.18"]
[SourceQuality "1"]
[TimeControl "40/6000+30:20/3000+30:900+30"]

1. e4 {30} c5 {30} 2. Nf3 {0} d6 {0} 3. d4 {0} cxd4 {0} 4. Nxd4 {0} Nf6 {0} 5.
Nc3 {0} g6 {0 The American super star is going out for blood in this game! The
Tal Memorial hadn't been good for Hikaru, and his game against Svidler was
very one-sided in favour of the Russian, so he brings out all of his fighting
spirit against Ian!} 6. Be2 {330 Perhaps a slight disappointment for the
spectators. The game steers away from the razor-sharp lines of the Yugoslav
attack, but this doesn't mean the game will be any less interesting.} Bg7 {30}
7. O-O {0} O-O {30} 8. Re1 {60} Nc6 {0} 9. Nb3 {30} Be6 {60} 10. Bf1 {30} a5 {
30} 11. Nd2 $6 {510 A strange novelty. The more common move is} (11. a4 Bxb3
12. cxb3 Nb4 {with the idea of ...e6 next move, which is considered to be fine
for Black.}) 11... a4 {510} (11... d5 12. exd5 Nxd5 13. Nxd5 Bxd5 {looked like
a slight edge for Black already, however the move played in the game is just
as ambitious.}) 12. Ndb1 {90 Although original, this anti-development
manoeuvre of the knight cannot be recommended. It is not heading for any
particularly useful square.} Ra5 {930} 13. Na3 {150} d5 {90} 14. exd5 {90} Nxd5
{390} 15. Ncb5 {90} Qc8 {1410} 16. c3 {90} Rd8 {210 There should be almost no
doubt that Black has achieved an excellent position from the opening.} 17. Qe2
{30} Nc7 {150 The position is relatively quiet, and Black has many ways to
proceed and all of them should give him a slight edge. White's pieces are just
clumsy. Be5 also came to mind.} 18. Rd1 {390} Nxb5 {390} 19. Nxb5 {30} Ne5 {30}
20. Na3 {450 Retreating again to the side of the board...} (20. Nd4 $6 Bc4 $1
21. Qe1 Bxf1 22. Qxf1 Rad5 {followed by ...a3 gave Black a dominating position.
Black has exchanged White's passive bishop on f1 but in exchange he has
absolute control over the d-file.}) 20... Rad5 {570} 21. Rxd5 {30} Rxd5 {30}
22. Be3 {150} Ng4 {210} 23. h3 {270} Nxe3 {30} 24. Qxe3 {0} Qc6 $15 {150 / -/+
Nakamura has now established a stable advantage. He holds the open d-file, the
pair of bishops and is overall more active. Although he is still far from
winning, he has punished Ian for his dubious play.} 25. Nc2 {300} Qc7 {401} (
25... Qd7 {with the idea of penetrating directly on the d-file was worth
considering.} 26. a3 (26. Nb4 Rd1 (26... Rd2 $2 27. Nd3 {makes the rook quite
uncomfortable.}) 27. Rxd1 Qxd1 28. Qe2 Qb1 29. a3 Bh6 $15 {with strong
pressure over the queenside, but White is solid and will probably hold.}) 26...
Rd2 {seems terrible, so White must do something.}) 26. a3 {150 This move
finishes the solidification of the queenside. Of course, this also means that
he will never be able to advance the pawns in a dangerous way. Black has all
the trumps, and White will be happy to survive. At the moment he will have a
good square for his N on b4, which is very stable, but sadly far away from the
kingside if anything happens there.} Be5 {169} 27. Nb4 {90} Rd8 {6} 28. Nd3 {30
} Bd6 {5} 29. Re1 {90} Bf5 {101} 30. g3 {330} Bxd3 $5 {474 Nakamura tries to
dismantle Ian's position in an opposite coloured game where he will hold the
initiative. It was also possible to tend to the position in a more calm and
subtle matter, as he is holding all the trump cards.} (30... h5 31. h4 Kg7 {
with the idea of f6 and e5 comes to mind.}) 31. Bxd3 {210} Bc5 {16} 32. Qf3 {30
} Rd6 {19 The point, now the f2 AND b2 pawns will be under fire.} 33. Re4 {90}
Rb6 {248} 34. Bc4 $6 {90} (34. Re2 Rf6 35. Qg2 {looks unpleasant but I don't
see how Black makes progress. White simply maintains his pieces where they are
and there is an insufficient amount of viable targets.}) 34... e6 {5} 35. Re2 {
30} Bxa3 36. Bxe6 {30} Bxb2 $6 {78} (36... Rxb2 {Although it is usually not
advisable to trade pieces when the opposite coloured bishops are on the board
and you are trying to play for a win, I believe this was a better move.
Although Hikaru has won some queenside pawns, the initiative on the kingside
is lost, which means he has to be careful concerning his own king. The
combined power of the passed a-pawn and the pressure he can exert over f2
might still allow him to win this game.} 37. Ba2 Rxe2 38. Qxe2 Kg7 39. Kg2 Bd6
40. Qc4 Qxc4 41. Bxc4 Be5 {is two extra pawns, but not an easy task.}) 37.
Bxf7+ $5 {90 The evaluation is more for the practical value of the move than
for its objective value. Of course, this move should lose, but figuring out
how is not easy when all that remains are seconds on the clock.} (37. Ba2 Bxc3
$2 (37... Ba3 38. Re4 $1 $17 {and this is the problem variation. How does
Black defend his a4-pawn? The only viable solution seems to be the following:}
Rb2 39. Bd5 $1 Kg7 (39... Bc5 $2 40. Re8+ Kg7 41. Rc8 $1 $11 {A fabulous
resource, which you can't blame the players for missing in such time pressure.}
) 40. Rxa4 Bc5 41. Ra2 $1 Bxf2+ 42. Kg2 $15 {This forces the trade of the
rooks, and the endgame is unpleasant for White but holdable.}) 38. Bxf7+ Qxf7
39. Qxc3 {leaves the king way too vulnerable to consider winning.}) 37... Qxf7
{36} 38. Qd3 {30} Re6 $2 {225 And Nakamura falters. It is hard to blame him
with little time left. It was absolutely essential to take control of d8.} (
38... Qc7 $1 39. Re8+ (39. Qd5+ Kf8 $1 40. Qe4 (40. Re3 Rf6 41. Qd4 Kg7 $19 {
and Black consolidated.}) 40... Ba3 41. Qe8+ Kg7 42. Qxa4 Be7 $19 {and Black
has nothing to worry about.}) 39... Kg7 $1 40. Qd4+ Rf6 41. Rd8 $1 (41. Qd5
Qxc3 42. Qg8+ Kh6 $19 {is no more than a silly check on g8, after which Black
is obviously winning.}) 41... Qxc3 42. Rd7+ Kg8 43. Rd8+ Rf8 44. Rxf8+ Kxf8 45.
Qd8+ Kf7 46. Qd7+ Kf6 47. Qd6+ Kf5 $19 {and Black isn't only not getting mated,
the checks run out soon and his extra material should tell.}) 39. Qd8+ {30} Kg7
{30} 40. Qd4+ {0} Kg8 {0} 41. Qd8+ {60} Qf8 {2380} 42. Qd5 {30} Qd6 {4 Trying
to win. The rook is quite poisoned.} 43. Qxd6 {90} (43. Qxe6+ Qxe6 44. Rxe6 Kf8
$1 {and since the R can't make it to the a-file, this becomes incredibly
dangerous for White.} 45. Rd6 Ke8 46. Re6+ Kd8 47. Rf6 Kc7 $1 48. Rf8 b5 $19)
43... Rxd6 {19} 44. Rxb2 {0} a3 {55} 45. Ra2 {0} Ra6 {4 Like in the previous
part of the game, Black is the one holding all the trump cards, however he is
still far from winning. His a3-pawn is quite vulnerable and the pawn count
will be dangerously reduced.} 46. Kf1 {30} Kf7 {69} 47. Ke2 {30} Ke6 {25} 48.
Kd3 {30} Kd5 {6} 49. f4 {30} h5 {207} (49... Ra4 {to cut off White on the 4th
rank was probably a good winning attempt.} 50. c4+ (50. g4 $1 b5 $1 {
controlling c4, now White is very passive.} 51. g5 $1 {seemingly a horrible
concession, but what else? - however, how does Black proceed?} Ra8 52. Kc2 $11
Ke4 53. Kb3 Kxf4 54. Rxa3 $11) 50... Kc5 51. g4 b6 {has the same idea as h6,
but solidifies the b-pawn.} (51... h6 {Black is making White move, he has no
choice but to weaken his f-pawn.} 52. f5 gxf5 53. gxf5 Kb4 54. Kc2 Ra5 55. Ra1
$1 {Unfortunately White still has this resource, which allows him basically to
draw the game.} Rxf5 56. Rb1+ Kxc4 57. Rxb7 $11) 52. f5 {now fails to...} (52.
h4 {A subtle difference, changing the position of the pawn.} b5 $1 (52... h6
53. f5 gxf5 54. gxf5 Kb4 55. Kc2 Ra5 56. Ra1 Rxf5 57. Rb1+ Ka5 58. Kb3 $11 {
is now drawn.}) 53. cxb5 Rxf4 $19 {and White's kingside falls.}) 52... gxf5 53.
gxf5 Kb4 54. Kc2 Ra5 55. Ra1 Rxf5 56. Rb1+ Ka5 $1 $19 {and the extra pawns
tilt the balance in favour of Black, who is winning this position without any
doubt.} 57. Kb3 Rf3+ 58. Ka2 Rxh3 $19) 50. g4 {1170} h4 $1 {5 I like this move,
as it makes h3 into another weakness, specially considering what White's only
resource in this position is.} 51. c4+ {510} Kc5 {4} 52. Kc3 {0} Re6 {116} 53.
Rf2 $1 {0 I think this move is very important, since Black's rook is
considerably more active on the e-file, White must create as many problems as
possible. He will advance his f-pawn in hopes of creating sufficient
counterplay.} Re3+ {43} 54. Kc2 {30} Kxc4 {307} (54... Kc6 $5 {was an
interesting study-like move. The idea is to try to catch the f-pawn with the K,
while allowing the R to defend and capture pawns. However it might still not
be enough.} 55. f5 gxf5 56. gxf5 Kd7 57. Kb1 Rxh3 58. Ka2 Ke7 59. Rf4 $1 (59.
f6+ $2 Kf7 60. Rf4 b6 {Zugzwang.}) 59... b6 60. Rd4 Kf6 61. Rf4 {and the game
is still not won.}) (54... Kd6 55. Rd2+ {is awkward for Black.}) 55. f5 {30} g5
{219 Controlling the important f4-square.} 56. f6 {0} Re8 {1} (56... Rb3 57.
Rf4+ $2 {Overly cute.} (57. Rf1 $11) 57... gxf4 58. f7 Rc3+ $19) 57. f7 {0} Rf8
{0} 58. Kb1 {90} Kd5 {78} (58... b5 59. Rf5 b4 60. Ka2 $11 {And Black can't
make any progress in this position.} Kc3 61. Rc5+ Kd4 62. Rf5 Kc4 63. Rf6 $11)
59. Rf5+ {30} Ke6 {5} 60. Rxg5 {0} Rxf7 {0} 61. Rh5 {60} b5 {282} (61... Rf2
62. Rxh4 b5 63. g5 $1 $11 (63. Rh5 $4 b4 64. Rb5 Rb2+ 65. Ka1 Kd6 $19)) 62.
Rxb5 {30} Rf3 {63} 63. Rb6+ {210} Ke5 {76} 64. Rb5+ {90} Ke6 {150} (64... Kd4
65. Ka2 Rxh3 66. g5 $11) 65. Rb6+ {0} Kd5 {17} 66. g5 {0} Rxh3 {72} 67. Rb4 {0}
Ke5 {66 This endgame with the split pawns is, unfortunately for Hikaru, drawn.
It is reminiscent of the Botvinnik-Fischer endgame from the 1962 Olympiad. The
defensive task is not incredibly difficult.} 68. g6 {0} Kf6 {5} 69. Rg4 {0} Kg7
{3} 70. Ka2 {0} Kh8 {2} 71. Rf4 {30} Kg7 {413} 72. Rg4 {30} Rh1 {67} 73. Rb4 {
270} h3 {117} 74. Rb3 {30} Kxg6 {20} (74... h2 75. Rh3 Kxg6 76. Rh8 {is a
simple draw, since the a3-pawn does not help Black.}) 75. Rg3+ {90} Kf5 {23}
76. Rc3 {30} Ke5 {32} 77. Rxa3 {90} Rh2+ {32} 78. Ka1 {0} Kf4 {4} 79. Rb3 {0}
Rh1+ {99} 80. Ka2 {0} Rh2+ {12} 81. Ka1 {0} Rh1+ {54} 82. Ka2 {30} Kg4 {34} 83.
Rb4+ {0} Kg3 {30} 84. Rb3+ {0} Kg4 {2} 85. Rb4+ {0} Kg3 {3 Hikaru had the
advantage the entire game, it seemed like he was about to win on several
occasions, but Ian's combination of resourcefulness and sheer desperation
allowed him to scrape a draw from an atrocious opening.} 1/2-1/2

[Event "EU-ch blitz"]
[Site "Minsk"]
[Date "2015.12.18"]
[Round "14.4"]
[White "Navara, David"]
[Black "Bortnyk, Mykola"]
[Result "0-1"]
[WhiteElo "2730"]
[BlackElo "2416"]
[PlyCount "90"]
[EventDate "2015.12.18"]
[EventType "swiss (blitz)"]
[EventRounds "22"]
[EventCountry "BLR"]
[SourceTitle "EXT 2017"]
[Source "ChessBase"]
[SourceDate "2016.10.25"]
[SourceVersion "1"]
[SourceVersionDate "2016.10.25"]
[SourceQuality "1"]

1. d4 Nf6 2. c4 d6 3. Nc3 Nbd7 4. e4 e5 5. Nf3 Be7 6. Be2 c6 7. O-O O-O 8. Re1
Qc7 9. Bf1 Re8 10. d5 Nf8 11. b4 cxd5 12. Nb5 Qd8 13. cxd5 a6 14. Nc3 Bg4 15.
h3 Bh5 16. Bd2 Qd7 17. a4 Rec8 18. a5 Bd8 19. Na4 Ng6 20. Ra3 Nh4 21. Be2 Nxe4
22. Nxh4 Bxh4 23. Bxh5 Bxf2+ 24. Kh2 Nxd2 25. Re2 Nc4 26. Rxf2 Nxa3 27. Nb6 Qe7
28. Bxf7+ Kh8 29. Qh5 Rf8 30. Nxa8 g6 31. Qf3 Nb5 32. Nb6 Kg7 33. Qg4 Rxf7 34.
Nc8 Qf8 35. Rc2 Nd4 36. Rc3 Qd8 37. Nb6 h5 38. Qg3 Qf6 39. Rc8 Ne2 40. Qe3 Nf4
41. Qe4 h4 42. Nc4 Qg5 43. Nxd6 Qg3+ 44. Kh1 Nxh3 45. gxh3 Rf1# 0-1

[Event "NIC Classic Prelim 2021"]
[Site "chess24.com INT"]
[Date "2021.04.24"]
[Round "5.6"]
[White "Duda, J."]
[Black "Le Quang Liem"]
[Result "1-0"]
[WhiteElo "2729"]
[BlackElo "2709"]
[PlyCount "115"]
[EventDate "2021.04.24"]
[EventType "tourn (rapid)"]
[EventRounds "15"]
[EventCategory "20"]
[SourceTitle "The Week in Chess 1381"]
[Source "Mark Crowther"]
[SourceDate "2021.04.26"]
[SourceVersion "1"]
[SourceVersionDate "2021.04.26"]
[SourceQuality "2"]

1. d4 Nf6 2. c4 e6 3. Nf3 a6 4. Bg5 b5 5. e4 Bb7 6. e5 h6 7. Be3 Bb4+ 8. Bd2
Bxd2+ 9. Nbxd2 Ne4 10. cxb5 Nxd2 11. Qxd2 O-O 12. bxa6 Nxa6 13. Be2 c5 14. O-O
Qb6 15. Rfd1 Rfb8 16. b3 Bd5 17. dxc5 Nxc5 18. Nd4 Ra5 19. Rdb1 Ne4 20. Qe3 Bb7
21. b4 Rxe5 22. a4 Rd5 23. Rd1 Nf6 24. b5 Ra8 25. Bf3 e5 26. Bxd5 exd4 27. Qxd4
Qxd4 28. Bxf7+ Kxf7 29. Rxd4 Ra5 30. f3 Ke7 31. Re1+ Kd8 32. Re5 d5 33. h4 Kd7
34. Kf2 Kd6 35. Re2 Ra8 36. Ke1 Kc5 37. Rf4 d4 38. Rc2+ Kd5 39. Rc7 Bc8 40. b6
Ke5 41. g3 g5 42. hxg5 hxg5 43. Rc5+ Kd6 44. Rxc8 Rxc8 45. Rxf6+ Kc5 46. a5 Rb8
47. Kd2 Kb5 48. Kd3 Ka6 49. g4 Kxa5 50. Kxd4 Ka6 51. Ke5 Rg8 52. Kf5 Kb7 53.
Rg6 Rf8+ 54. Kxg5 Rxf3 55. Rf6 Rg3 56. Kh5 Rh3+ 57. Kg6 Rh1 58. g5 1-0

[Event "ESP-chT Honor Gp2"]
[Site "San Sebastian"]
[Date "2006.09.15"]
[Round "3"]
[White "Gelfand, Boris"]
[Black "Tiviakov, Sergei"]
[Result "1-0"]
[WhiteElo "2729"]
[BlackElo "2668"]
[PlyCount "63"]
[EventDate "2006.09.13"]
[EventType "team"]
[EventRounds "5"]
[EventCountry "ESP"]
[SourceTitle "CBM 115"]
[Source "ChessBase"]
[SourceDate "2006.11.15"]
[SourceVersion "1"]
[SourceVersionDate "2006.11.15"]
[SourceQuality "1"]

1. d4 Nf6 2. c4 e6 3. Nc3 Bb4 4. e3 c5 5. Nge2 cxd4 6. exd4 O-O 7. a3 Be7 8. d5
exd5 9. cxd5 Re8 10. d6 Bf8 11. g3 Re6 12. Bf4 Nh5 13. Be3 Rxd6 14. Qb3 Nc6 15.
Bg2 Nf6 16. O-O Re6 17. Rad1 d6 18. Nd4 Nxd4 19. Bxd4 Ne8 20. Nd5 Nc7 21. Rc1
Nxd5 22. Bxd5 Re7 23. Rfe1 Rxe1+ 24. Rxe1 Qc7 25. Re8 Bh3 26. Bxf7+ Kh8 27. Re1
b6 28. Qf3 Rc8 29. g4 Qd7 30. Bh5 Qe7 31. Bc3 Qh4 32. Re3 1-0

[Event "Tata Steel India Blitz"]
[Site "Kolkata IND"]
[Date "2018.11.14"]
[Round "14.5"]
[White "Harikrishna, P."]
[Black "So, W."]
[Result "1-0"]
[WhiteElo "2729"]
[BlackElo "2765"]
[PlyCount "57"]
[EventDate "2018.11.13"]
[EventType "tourn (blitz)"]
[EventRounds "18"]
[EventCountry "IND"]
[EventCategory "19"]
[SourceTitle "The Week in Chess 1254"]
[Source "Mark Crowther"]
[SourceDate "2018.11.19"]
[SourceVersion "2"]
[SourceVersionDate "2018.11.26"]
[SourceQuality "2"]

1. Nf3 d5 2. e3 Nf6 3. c4 e6 4. b3 Bd6 5. Bb2 O-O 6. d4 b6 7. Bd3 Bb7 8. O-O
dxc4 9. Bxc4 Nbd7 10. Nc3 Qe7 11. Nb5 a6 12. Nxd6 cxd6 13. Nd2 Ne4 14. Nxe4
Bxe4 15. f3 Bg6 16. a4 Rfc8 17. e4 d5 18. exd5 exd5 19. Bxd5 Rab8 20. Rc1 Rxc1
21. Qxc1 Nf6 22. Re1 Qb4 23. Bc4 b5 24. Ba3 Qa5 25. axb5 axb5 26. Re5 h6 27.
Bd6 Rc8 28. Bxf7+ Kxf7 29. Re7+ 1-0

[Event "Wch Rapid"]
[Site "Doha"]
[Date "2016.12.27"]
[Round "7"]
[White "Yu, Yangyi"]
[Black "Khusnutdinov, Rustam"]
[Result "1-0"]
[WhiteElo "2729"]
[BlackElo "2458"]
[PlyCount "73"]
[EventDate "2016.12.26"]
[EventType "swiss (rapid)"]
[EventRounds "15"]
[EventCountry "QAT"]
[SourceTitle "CBM 176"]
[Source "ChessBase"]
[SourceDate "2017.01.17"]
[SourceVersion "1"]
[SourceVersionDate "2017.01.17"]
[SourceQuality "1"]

1. e4 e6 2. d4 d5 3. Nd2 Nc6 4. Ngf3 Nf6 5. e5 Nd7 6. Be2 Be7 7. O-O O-O 8. Re1
f6 9. exf6 Bxf6 10. c3 e5 11. Qb3 Nb6 12. dxe5 Nxe5 13. Nxe5 Bxe5 14. Nf3 Bf6
15. Be3 Be6 16. a4 Bf7 17. Rad1 Qc8 18. Bg5 Bxg5 19. Nxg5 Qf5 20. Nxf7 Rxf7 21.
Bf3 c6 22. Re2 Raf8 23. Rde1 Qg5 24. Re5 Qg6 25. Bh5 Qf6 26. Bxf7+ Qxf7 27. f3
Nc8 28. Qb4 h6 29. a5 Kh7 30. Re6 Rd8 31. Qh4 Rd7 32. h3 c5 33. c4 Qf5 34. R6e5
Qc2 35. Rxd5 Rxd5 36. cxd5 Nd6 37. Qf4 1-0

[Event "Chigorin Memorial 21st"]
[Site "St Petersburg"]
[Date "2013.10.08"]
[Round "4"]
[White "Eljanov, Pavel"]
[Black "Solak, Dragan"]
[Result "1/2-1/2"]
[WhiteElo "2729"]
[BlackElo "2611"]
[PlyCount "89"]
[EventDate "2013.10.05"]
[EventType "swiss"]
[EventRounds "9"]
[EventCountry "RUS"]
[SourceTitle "CBM 156 Extra"]
[Source "ChessBase"]
[SourceDate "2013.10.22"]
[SourceVersion "1"]
[SourceVersionDate "2013.10.22"]
[SourceQuality "1"]

1. d4 d5 2. c4 c6 3. Nc3 Nf6 4. e3 a6 5. Nf3 b5 6. c5 g6 7. Ne5 Bg7 8. f4 Bf5
9. g4 Be6 10. Bg2 h5 11. g5 Nfd7 12. Nf3 a5 13. Nh4 Bg4 14. Qc2 e6 15. h3 Bf5
16. Nxf5 exf5 17. Nxb5 cxb5 18. c6 O-O 19. cxd7 Qxd7 20. Qb3 Rd8 21. Bd2 a4 22.
Qd3 Na6 23. O-O Bf8 24. Rac1 Rac8 25. Ba5 Re8 26. Kf2 Bb4 27. Bxb4 Nxb4 28. Qd2
Nxa2 29. Rc5 Qe7 30. Ra1 Nb4 31. Rac1 Rxc5 32. Rxc5 h4 33. Rxb5 Nc2 34. e4 Rc8
35. e5 Qa7 36. Bxd5 Nxd4 37. Rb7 Qc5 38. Bxf7+ Kf8 39. Qc3 Qxc3 40. bxc3 Rxc3
41. Bxg6 Rf3+ 42. Kg2 Rg3+ 43. Kf2 Rf3+ 44. Kg2 Rg3+ 45. Kf2 1/2-1/2

[Event "Cap d'Agde-A"]
[Site "Cap d'Agde"]
[Date "2006.10.28"]
[Round "4"]
[White "Radjabov, Teimour"]
[Black "Negi, Parimarjan"]
[Result "1/2-1/2"]
[WhiteElo "2729"]
[BlackElo "2538"]
[PlyCount "122"]
[EventDate "2006.10.27"]
[EventType "tourn (rapid)"]
[EventRounds "7"]
[EventCountry "FRA"]
[EventCategory "14"]
[SourceTitle "CBM 115"]
[Source "ChessBase"]
[SourceDate "2006.11.15"]
[SourceVersion "1"]
[SourceVersionDate "2006.11.15"]
[SourceQuality "1"]

1. d4 Nf6 2. c4 g6 3. Nc3 d5 4. cxd5 Nxd5 5. e4 Nxc3 6. bxc3 c5 7. Bc4 Bg7 8.
Ne2 O-O 9. O-O Nc6 10. Be3 Bg4 11. f3 Na5 12. Bxf7+ Rxf7 13. fxg4 Rxf1+ 14.
Kxf1 Qd6 15. Kg1 Qe6 16. Qd3 Qc4 17. Rd1 cxd4 18. Qxc4+ Nxc4 19. Bxd4 Rd8 20.
Rb1 e5 21. Bf2 Rd2 22. Ng3 Rxa2 23. Rd1 Kf7 24. Rd7+ Ke6 25. Rxg7 Ra1+ 26. Nf1
Nd2 27. g3 Rxf1+ 28. Kg2 Rb1 29. Bxa7 Nxe4 30. h4 Rb3 31. h5 Rxc3 32. Rxh7
Rxg3+ 33. Kf1 Rxg4 34. hxg6 Rxg6 35. Rxb7 Kf5 36. Bb8 Nf6 37. Bxe5 Kxe5 38. Ke2
Nd5 39. Rb8 Kd4 40. Re8 Ra6 41. Kf3 Ra3+ 42. Kf2 Nf6 43. Rd8+ Ke4 44. Ke2 Ra2+
45. Rd2 Ra8 46. Rd6 Ke5 47. Rb6 Ne4 48. Rb7 Nc5 49. Re7+ Kd4 50. Kf3 Rf8+ 51.
Ke2 Rd8 52. Kf3 Nd3 53. Re4+ Kd5 54. Ke3 Kc5 55. Re7 Nb4 56. Rc7+ Kd6 57. Rh7
Re8+ 58. Kf3 Nd5 59. Rh1 Rf8+ 60. Ke4 Rf4+ 61. Kd3 Rf8 1/2-1/2

[Event "NIC Classic Prelim 2021"]
[Site "chess24.com INT"]
[Date "2021.04.25"]
[Round "9.4"]
[White "Duda, J."]
[Black "Tari, A."]
[Result "0-1"]
[WhiteElo "2729"]
[BlackElo "2639"]
[PlyCount "60"]
[EventDate "2021.04.24"]
[EventType "tourn (rapid)"]
[EventRounds "15"]
[EventCategory "20"]
[SourceTitle "The Week in Chess 1381"]
[Source "Mark Crowther"]
[SourceDate "2021.04.26"]
[SourceVersion "1"]
[SourceVersionDate "2021.04.26"]
[SourceQuality "2"]

1. e4 e5 2. g3 Nf6 3. Bg2 Bc5 4. Nc3 c6 5. Nf3 d5 6. Qe2 O-O 7. O-O Re8 8. d3
h6 9. Kh1 a5 10. exd5 cxd5 11. Nxe5 Bd4 12. f4 Nc6 13. Nb5 Bg4 14. Qd2 Bxe5 15.
fxe5 Rxe5 16. Qf4 Qd7 17. Bd2 Nh5 18. Qa4 Re2 19. Bf4 Bh3 20. Rg1 Qg4 21. Bxd5
Nf6 22. Qc4 Qh5 23. Bxf7+ Qxf7 24. Qxf7+ Kxf7 25. g4 Bxg4 26. Raf1 Rxc2 27.
Bxh6 Rh8 28. Nd6+ Ke6 29. Bf4 Nd4 30. Rg2 Rxg2 0-1

[Event "Speed Chess GP4 2021"]
[Site "chess.com INT"]
[Date "2021.10.09"]
[Round "8"]
[White "Andreikin, D."]
[Black "Nesterov, Arseniy"]
[Result "1-0"]
[WhiteElo "2728"]
[BlackElo "2514"]
[PlyCount "67"]
[EventDate "2021.10.09"]
[SourceVersionDate "2018.05.14"]

1. d4 d5 2. Nf3 Nf6 3. e3 Bg4 4. c4 c6 5. Nc3 e6 6. h3 Bh5 7. g4 Bg6 8. Ne5
Nbd7 9. Nxg6 hxg6 10. Bd2 g5 11. a3 Be7 12. Qf3 Qb6 13. b4 dxc4 14. Bxc4 e5 15.
Ne2 e4 16. Qg2 a5 17. O-O axb4 18. axb4 O-O 19. Ng3 Nd5 20. Nxe4 Nxb4 21. Rxa8
Rxa8 22. Rb1 Qa5 23. Qf3 Rf8 24. Qf5 Qxf5 25. gxf5 c5 26. dxc5 Nc6 27. Rxb7
Nce5 28. Bd5 Bxc5 29. Bc3 Ba3 30. Nxg5 Bd6 31. Nxf7 Rxf7 32. Bxf7+ Kxf7 33. f4
Kf6 34. Rxd7 1-0